000 01095nam a2200193 a 4500
001 45798
005 20180714025125.0
008 140415s1968 mx 000 0 spa d
041 _aspa
082 _a372.372
_bGUE
100 1 _aGUEMEZ TRONCOSO, JOSE
245 1 0 _aRELACION E INTERDEPENDENCIA DE PSICOLOGIA, SEXO Y SOCIEDAD BASES PARA LA EDUCACION SEXUAL
250 _a1a ed.
260 _aMEXICO :
_bEDICIONES GÜEMSHER,
_c1968
300 _a143
_c23 x 17 x 2.8
490 _aEDUCACION Y SOCIEDAD
520 _aHEMOS QUERIDO LLEVAR AL ESTUDIANTE DE MEDICINA Y AL MÉDICO ACTUALMENTE EN EJERCICIO, LA RECOPILACIÓN DE DATOS QUE SOBRE LA PSICOLOGÍA, SEXO Y SOCIEDAD HEMOS IDO ACUMULANDO A TRAVÉS DE ALGUNOS AÑOS, HEMOS CREIDO QUE UN LIBRO DE ÉSTA NATURALEZA PUEDE SERVIR DE ORIENTACIÓN, NO SÓLAMENTE AL FUTURO MÉDICO QUE VA A TENER QUE TRATAR PROBLEMAS, PSICOLÓGICOS, SOCIOLÓGICOS Y SEXUALES DE UN GRAN NÚMERO DE SUS PACIENTES, SINO TAMBIÉN AL MÉDICO ACTUALMENTE EN EJERCICIO, EL QUE PUDIENDO SER MÉDICO
650 1 4 _aEDUCACION SEXUAL
_xSEXUALIDAD (PSICOLOGIA)
999 _c45798
_d45798